[Event "Veliko Gradiste Silver Lake op"]
[Site "Veliko Gradiste"]
[Date "2019.06.23"]
[Round "9"]
[White "Ersahin, Bulent"]
[Black "Ozkan, Taha"]
[Result "1-0"]
[WhiteElo "2198"]
[BlackElo "2039"]
[PlyCount "60"]
[EventDate "2019.06.16"]
[EventType "swiss"]
[EventRounds "9"]
[EventCountry "SRB"]
[SourceTitle "CBM 191 Extra"]
[Source "ChessBase"]
[SourceDate "2019.09.30"]
[SourceVersion "1"]
[SourceVersionDate "2019.09.30"]
[SourceQuality "1"]

1. Nf3 d5 2. g3 c6 3. Bg2 Nd7 4. d4 e6 5. 0-0 f5 6. c4 Ngf6 7. Bf4 Be7 8. Nbd2 0-0 9. Qc2 Ne4 10. Ne5 g5 11. Nxd7 Bxd7 12. Be5 Nd6 13. Rad1 Nf7 14. Nf3 g4 15. Ne1 Nxe5 16. dxe5 Rc8 17. Nd3 b5 18. b3 h5 19. Nf4 h4 20. cxd5 cxd5 21. Qd3 h3 22. Bh1 Qb6 23. Bxd5 Rfd8 24. Qxf5 exd5 25. e6 Be8 26. Qxg4+ Kf8 27. Qf5+ Kg8 28. Qg4+ Kf8 29. Ng6+ Kg7 30. Nxe7+ Kh7 1-0

[Event "Veliko Gradiste Silver Lake op"]
[Site "Veliko Gradiste"]
[Date "2019.06.20"]
[Round "6"]
[White "Stankovic, Boris"]
[Black "Ersahin, Bulent"]
[Result "0-1"]
[WhiteElo "1852"]
[BlackElo "2198"]
[PlyCount "78"]
[EventDate "2019.06.16"]
[EventType "swiss"]
[EventRounds "9"]
[EventCountry "SRB"]
[SourceTitle "CBM 191 Extra"]
[Source "ChessBase"]
[SourceDate "2019.09.30"]
[SourceVersion "1"]
[SourceVersionDate "2019.09.30"]
[SourceQuality "1"]

1. e4 c5 2. Nf3 d6 3. c3 Nf6 4. Be2 g6 5. 0-0 Bg7 6. h3 0-0 7. Qc2 Nc6 8. d4 cxd4 9. cxd4 Bd7 10. Nc3 Rc8 11. Be3 a6 12. d5 Na5 13. Nd2 b5 14. a3 e6 15. Qb1 exd5 16. exd5 Re8 17. Rc1 Rxc3 18. bxc3 Nxd5 19. Qd3 Nxe3 20. fxe3 Qb6 21. Nf1 Nb3 22. Kh1 Bf5 23. Qd5 Nxa1 24. Rxa1 Be4 25. Qg5 Bxc3 26. Rd1 Be5 27. Ng3 Bxg3 28. Qxg3 d5 29. Rf1 Qe6 30. Bg4 Qe7 31. h4 Qxa3 32. h5 Qe7 33. hxg6 hxg6 34. Qf2 a5 35. Be2 Rc8 36. Qf4 b4 37. Qh6 b3 38. Bf3 b2 39. Bxe4 dxe4 0-1

[Event "Veliko Gradiste Silver Lake op"]
[Site "Veliko Gradiste"]
[Date "2019.06.17"]
[Round "3"]
[White "Ersahin, Bulent"]
[Black "Celik, Hasan Huseyin"]
[Result "1/2-1/2"]
[WhiteElo "2198"]
[BlackElo "1727"]
[PlyCount "61"]
[EventDate "2019.06.16"]
[EventType "swiss"]
[EventRounds "9"]
[EventCountry "SRB"]
[SourceTitle "CBM 191 Extra"]
[Source "ChessBase"]
[SourceDate "2019.09.30"]
[SourceVersion "1"]
[SourceVersionDate "2019.09.30"]
[SourceQuality "1"]

1. Nf3 Nf6 2. g3 g6 3. Bg2 Bg7 4. c4 d6 5. Nc3 0-0 6. 0-0 c6 7. d4 Qa5 8. d5 cxd5 9. cxd5 b5 10. Nd4 b4 11. Nb3 Qd8 12. Nb5 Bb7 13. Be3 a6 14. Na7 Qd7 15. Na5 Qc7 16. Nxb7 Qxb7 17. Nc6 Nxc6 18. dxc6 Qc7 19. Qd2 Ng4 20. Bd4 e5 21. h3 Nh6 22. Be3 Nf5 23. Qxb4 Nxe3 24. fxe3 Rab8 25. Qc4 Rxb2 26. Rab1 e4 27. Rxb2 Bxb2 28. Qxe4 d5 29. Qxd5 Qxg3 30. Qf3 Qb8 31. Qd5 1/2-1/2

[Event "Veliko Gradiste Silver Lake op"]
[Site "Veliko Gradiste"]
[Date "2019.06.17"]
[Round "2"]
[White "Lajthajm, Borko"]
[Black "Ersahin, Bulent"]
[Result "1-0"]
[WhiteElo "2433"]
[BlackElo "2198"]
[PlyCount "66"]
[EventDate "2019.06.16"]
[EventType "swiss"]
[EventRounds "9"]
[EventCountry "SRB"]
[SourceTitle "CBM 191 Extra"]
[Source "ChessBase"]
[SourceDate "2019.09.30"]
[SourceVersion "1"]
[SourceVersionDate "2019.09.30"]
[SourceQuality "1"]

1. e4 c5 2. Nf3 d6 3. c3 Nf6 4. Na3 Nc6 5. Bb5 Bd7 6. d3 g6 7. 0-0 Bg7 8. Nc4 0-0 9. a4 a6 10. Bxc6 Bxc6 11. a5 Nd7 12. Bg5 h6 13. Bc1 Qc7 14. Re1 b5 15. axb6 Nxb6 16. Na5 Bd7 17. h3 e5 18. Nc4 Be6 19. Nxb6 Qxb6 20. Nd2 d5 21. exd5 Bxd5 22. Nc4 Qc7 23. Qa4 Rfd8 24. Qa5 Qb7 25. Nb6 Rab8 26. Nxd5 Rxd5 27. Qxa6 Qxa6 28. Rxa6 Rxd3 29. Rc6 Rb5 30. Kf1 Rd7 31. Ke2 Bf8 32. Rd1 Rbb7 33. Rxd7 Rxd7 1-0

[Event "Veliko Gradiste Silver Lake op"]
[Site "Veliko Gradiste"]
[Date "2019.06.16"]
[Round "1"]
[White "Ersahin, Bulent"]
[Black "Sakthivel, Heamish Kanha"]
[Result "1-0"]
[WhiteElo "2198"]
[BlackElo "1731"]
[PlyCount "63"]
[EventDate "2019.06.16"]
[EventType "swiss"]
[EventRounds "9"]
[EventCountry "SRB"]
[SourceTitle "CBM 191 Extra"]
[Source "ChessBase"]
[SourceDate "2019.09.30"]
[SourceVersion "1"]
[SourceVersionDate "2019.09.30"]
[SourceQuality "1"]

1. Nf3 Nf6 2. g3 d5 3. Bg2 c6 4. 0-0 Bf5 5. d3 h6 6. Nbd2 e6 7. b3 Be7 8. Bb2 0-0 9. c4 b6 10. Rc1 c5 11. cxd5 exd5 12. e4 Be6 13. exd5 Bxd5 14. d4 Nbd7 15. Nc4 Rc8 16. Ne3 cxd4 17. Nxd5 Nxd5 18. Nxd4 Rxc1 19. Qxc1 N7f6 20. Nc6 Qd7 21. Nxe7+ Nxe7 22. Bxf6 gxf6 23. Qxh6 Ng6 24. Be4 f5 25. Bb1 Re8 26. h4 Re5 27. h5 Ne7 28. Qg5+ Kf8 29. h6 Ng6 30. Qf6 Rd5 31. Re1 Rd1 32. Qg7# 1-0